000 00500nam a22001697a 4500
999 _c8993
_d8993
008 210309b ||||| |||| 00| 0 eng d
040 _aBMS College of Architecture
100 _aB, Jhanavi
245 _aFive star hotel
300 _a79p.
500 _a1BM09AT020
502 _8B.Arch
_NBMS College of Architecture, Visvesvaraya Technological University (VTU)
_aProject report
_d2013
650 _aHotel
700 _aAjaichandran C K
_eGuide
700 _aBhagyalaxmi M
_eGuide
942 _2ddc
_cTHE